<?xml version="1.0" encoding="UTF-8"?>
<record
    xmlns:xsi="http://www.w3.org/2001/XMLSchema-instance"
    xsi:schemaLocation="http://www.loc.gov/MARC21/slim http://www.loc.gov/standards/marcxml/schema/MARC21slim.xsd"
    xmlns="http://www.loc.gov/MARC21/slim">

  <leader>01046nam a2200253 a 4500</leader>
  <controlfield tag="001">BRCA_7222</controlfield>
  <controlfield tag="005">20190320205746.0</controlfield>
  <controlfield tag="008">180112s19481947sp-a######---#000-0#spa-#</controlfield>
  <datafield tag="041" ind1=" " ind2=" ">
    <subfield code="a">spa</subfield>
  </datafield>
  <datafield tag="044" ind1=" " ind2=" ">
    <subfield code="a">sp</subfield>
  </datafield>
  <datafield tag="050" ind1=" " ind2="4">
    <subfield code="a">N7101</subfield>
    <subfield code="b">.M55</subfield>
  </datafield>
  <datafield tag="245" ind1="1" ind2="0">
    <subfield code="a">Mil joyas de arte espa&#xF1;ol</subfield>
    <subfield code="b">piezas selectas, monumentos magistrales, fotografi&#xEC;as documentales de los archivos del Instituto Gallach</subfield>
  </datafield>
  <datafield tag="260" ind1=" " ind2=" ">
    <subfield code="a">Barcelona</subfield>
    <subfield code="b">Instituto Gallach</subfield>
    <subfield code="c">1948, c1947</subfield>
  </datafield>
  <datafield tag="300" ind1=" " ind2=" ">
    <subfield code="a">2 v.</subfield>
    <subfield code="b">il. (algunas a color), 1000 l&#xE1;minas</subfield>
    <subfield code="c">30 cm.</subfield>
  </datafield>
  <datafield tag="500" ind1=" " ind2=" ">
    <subfield code="a">P118</subfield>
  </datafield>
  <datafield tag="501" ind1=" " ind2=" ">
    <subfield code="a">Contenido: v.1 Antiguedad y Edad Media/ estudio preliminar, secci&#xF3;n y comentarios, originales de Maria Elena Gomez Moreno.-- v. 2 Edad moderna y contemporanea / estudio preliminar, secci&#xF3;n y comentarios, originales de F. P. Verrie y A. Cirici Pellicier.</subfield>
  </datafield>
  <datafield tag="650" ind1="1" ind2="4">
    <subfield code="a">Arte</subfield>
    <subfield code="x">Historia</subfield>
    <subfield code="9">17896</subfield>
  </datafield>
  <datafield tag="650" ind1="1" ind2="4">
    <subfield code="a">Arte espa&#xF1;ol</subfield>
    <subfield code="9">2063</subfield>
  </datafield>
  <datafield tag="700" ind1="1" ind2=" ">
    <subfield code="a">Gomez Moreno, Maria Elena</subfield>
    <subfield code="9">17897</subfield>
  </datafield>
  <datafield tag="700" ind1="1" ind2=" ">
    <subfield code="a">Verrie, F. P.</subfield>
    <subfield code="9">17898</subfield>
  </datafield>
  <datafield tag="710" ind1="2" ind2=" ">
    <subfield code="a">Instituto Gollach (Espa&#xF1;a)</subfield>
    <subfield code="9">17899</subfield>
  </datafield>
  <datafield tag="902" ind1=" " ind2=" ">
    <subfield code="a">GFM</subfield>
  </datafield>
  <datafield tag="942" ind1=" " ind2=" ">
    <subfield code="2">lcc</subfield>
    <subfield code="c">B</subfield>
  </datafield>
  <datafield tag="999" ind1=" " ind2=" ">
    <subfield code="c">6903</subfield>
    <subfield code="d">6903</subfield>
  </datafield>
  <datafield tag="952" ind1=" " ind2=" ">
    <subfield code="0">0</subfield>
    <subfield code="1">0</subfield>
    <subfield code="4">0</subfield>
    <subfield code="7">0</subfield>
    <subfield code="a">BRCA</subfield>
    <subfield code="b">BRCA</subfield>
    <subfield code="d">2012-01-18</subfield>
    <subfield code="i">P118</subfield>
    <subfield code="l">0</subfield>
    <subfield code="o">N7101 .M55 (P118)</subfield>
    <subfield code="p">7680</subfield>
    <subfield code="r">2019-03-22 00:00:00</subfield>
    <subfield code="w">2019-03-22</subfield>
    <subfield code="y">B</subfield>
  </datafield>
</record>
